Численные методы моделирования геомиграции радионуклидов: методические указания к выполнению лабораторных работ

Detalles Bibliográficos
Autor Principal: Букаты М. Б. Михаил Болеславович
Autor Corporativo: Томский политехнический университет (ТПУ)
Summary:Заглавие с титульного экрана
В методических указаниях рассматривается содержание лабораторных и самостоятельных работ по дисциплине "Численные методы моделирования геомиграции радионуклидов", приводится общая характеристика и особенности практического применения программного комплекса HydroGeo, используемого при их выполнении. Для студентов направления магистерской подготовки "Урановая геология", а также студентов и специалистов других специальностей, занимающихся вопросами численного моделирования геомиграции.
Режим доступа: из корпоративной сети ТПУ
Idioma:ruso
Publicado: Томск, Изд-во ТПУ, 2008
Subjects:
Acceso en liña:http://www.lib.tpu.ru/fulltext2/m/2012/m112.pdf
Formato: Electrónico Libro
KOHA link:https://koha.lib.tpu.ru/cgi-bin/koha/opac-detail.pl?biblionumber=211357

MARC

LEADER 00000nlm0a2200000 4500
001 211357
005 20231101225656.0
035 |a (RuTPU)RU\TPU\book\230885 
090 |a 211357 
100 |a 20120313d2008 m y0rusy50 ca 
101 0 |a rus 
102 |a RU 
105 |a a j 001zy 
135 |a drcn ---uucaa 
181 0 |a i  
182 0 |a b 
200 1 |a Численные методы моделирования геомиграции радионуклидов  |b Электронный ресурс  |e методические указания к выполнению лабораторных работ  |f М. Б. Букаты  |g Томский политехнический университет (ТПУ) 
203 |a Текст  |c электронный 
210 |a Томск  |c Изд-во ТПУ  |d 2008 
230 |a 1 компьютерный файл (pdf; 2.5 MB) 
300 |a Заглавие с титульного экрана 
330 |a В методических указаниях рассматривается содержание лабораторных и самостоятельных работ по дисциплине "Численные методы моделирования геомиграции радионуклидов", приводится общая характеристика и особенности практического применения программного комплекса HydroGeo, используемого при их выполнении. Для студентов направления магистерской подготовки "Урановая геология", а также студентов и специалистов других специальностей, занимающихся вопросами численного моделирования геомиграции. 
333 |a Режим доступа: из корпоративной сети ТПУ 
337 |a Adobe Reader 
606 1 |a Нуклиды радиоактивные  |x Миграция  |2 stltpush  |3 (RuTPU)RU\TPU\subj\72279  |9 85842 
610 1 |a электронный ресурс 
610 1 |a труды учёных ТПУ 
610 1 |a методические указания 
610 1 |a лабораторные работы 
610 1 |a численные методы 
610 1 |a моделирование 
610 1 |a геомиграция 
610 1 |a радионуклиды 
610 1 |a HydroGeo 
610 1 |a урановая геология 
610 1 |a номограммы 
610 1 |a единицы измерения 
675 |a 550.424  |v 3 
700 1 |a Букаты  |b М. Б.  |c российский гидрогеолог  |c профессор Томского политехнического университета, доктор геолого-минералогических наук  |f 1950-2010  |g Михаил Болеславович  |2 stltpush  |3 (RuTPU)RU\TPU\pers\26087 
712 0 2 |a Томский политехнический университет (ТПУ)  |c (1991-2009)  |2 stltpush  |3 (RuTPU)RU\TPU\col\376 
801 1 |a RU  |b 63413507  |c 20120313 
801 2 |a RU  |b 63413507  |c 20130219  |g RCR 
856 4 |u http://www.lib.tpu.ru/fulltext2/m/2012/m112.pdf 
942 |c CF